Roadrunner Properties Ltd v Dean and another (Record no. 74298)
[ view plain ]
| 000 -LEADER | |
|---|---|
| fixed length control field | 01840cab a2200265 4500 |
| 001 - CONTROL NUMBER | |
| control field | ABS67573 |
| 008 - FIXED-LENGTH DATA ELEMENTS--GENERAL INFORMATION | |
| fixed length control field | 040324n2004 000 0 eng u |
| 035 ## - SYSTEM CONTROL NUMBER | |
| System control number | (Sirsi) u125563 |
| 245 ## - TITLE STATEMENT | |
| Title | Roadrunner Properties Ltd v Dean and another |
| 260 ## - PUBLICATION, DISTRIBUTION, ETC. | |
| Date of publication, distribution, etc. | 2004 |
| 490 ## - SERIES STATEMENT | |
| Series statement | Estates Gazette |
| Volume/sequential designation | [2004] 11 EG 140-145(6) |
| 520 ## - SUMMARY, ETC. | |
| Summary, etc. | [2003] EWCA Civ 1816, 21 November 2003. Appeal by claimant (R) against County Court decision dismissing claim for damages at common law alleging nuisance and negligence due to R's failure to comply with the Party Wall Etc Act 1996. The appeal was concerned with establishing the causation of the damage. D failed to serve a notice under the Act and therefore R was advised that the provisions of the Act could not be invoked and therefore instigated a claim for damages in the County Court. R argued that the damage was caused by the use of the Kango hammer drill whilst D maintained that some of the damage could be contributed to by shrinkage of the floor tiles. "Held": that the coincidence between the dislocation to the floor tiles and the work being done to the party wall was a proper factor to take into account when drawing inferences as to causation. As D had failed to serve a party wall notice R had been denied the opportunity to have a pre-works survey. Appeal allowed. View judgment at www.bailii.org. |
| 590 ## - LOCAL NOTE (RLIN) | |
| Local note | ABS |
| 650 ## - SUBJECT ADDED ENTRY--TOPICAL TERM | |
| Topical term or geographic name entry element | ROADRUNNER PROPERTIES LTD V DEAN AND ANOTHER |
| 650 ## - SUBJECT ADDED ENTRY--TOPICAL TERM | |
| Topical term or geographic name entry element | PARTY WALL ACT 1996 |
| 650 ## - SUBJECT ADDED ENTRY--TOPICAL TERM | |
| Topical term or geographic name entry element | DAMAGES |
| 650 ## - SUBJECT ADDED ENTRY--TOPICAL TERM | |
| Topical term or geographic name entry element | CAUSATION |
| 650 ## - SUBJECT ADDED ENTRY--TOPICAL TERM | |
| Topical term or geographic name entry element | NUISANCE |
| 650 ## - SUBJECT ADDED ENTRY--TOPICAL TERM | |
| Topical term or geographic name entry element | NEGLIGENCE |
| 650 ## - SUBJECT ADDED ENTRY--TOPICAL TERM | |
| Topical term or geographic name entry element | EXPERT WITNESS |
| 9 (RLIN) | 6239 |
| 650 ## - SUBJECT ADDED ENTRY--TOPICAL TERM | |
| Topical term or geographic name entry element | EVIDENCE |
| 690 ## - LOCAL SUBJECT ADDED ENTRY--TOPICAL TERM (OCLC, RLIN) | |
| Topical term or geographic name as entry element | Boundary disputes |
| 9 (RLIN) | 6221 |
| 856 ## - ELECTRONIC LOCATION AND ACCESS | |
| Uniform Resource Identifier | <a href="https://www.bailii.org/cgi-bin/markup.cgi?doc=/ew/cases/EWCA/Civ/2003/1816.html&query=Roadrunner&method=all">https://www.bailii.org/cgi-bin/markup.cgi?doc=/ew/cases/EWCA/Civ/2003/1816.html&query=Roadrunner&method=all</a> |
| Public note | View judgment on the the BAILII website... |
| 942 ## - ADDED ENTRY ELEMENTS (KOHA) | |
| Suppress in OPAC | 0 |
| Withdrawn status | Lost status | Source of classification or shelving scheme | Damaged status | Not for loan | Home library | Current library | Shelving location | Date acquired | Total Checkouts | Full call number | Barcode | Date last seen | Copy number | Price effective from | Koha item type |
|---|---|---|---|---|---|---|---|---|---|---|---|---|---|---|---|
| Dewey Decimal Classification | London | London | Journal article | 24/03/2004 | ABS67573 | 125563-1001 | 06/08/2019 | 1 | 06/08/2019 | Law report |